Tablas de contenidos: número 69, 2019
Salvato in:
| Natura: | Libro |
|---|---|
| Lingua: | Spanish |
| Tags: |
Aggiungi Tag
Nessun Tag, puoi essere il primo ad aggiungerne!!
|
MARC
| LEADER | 00000nam a22000007a 4500 | ||
|---|---|---|---|
| 003 | cru CIDCACS/IIS | ||
| 005 | 20230606101227.0 | ||
| 008 | 230606t2019 mx |||p|r|||| 00| 0 spa d | ||
| 040 | |c cru CIDCACS/IIS | ||
| 245 | |a Tablas de contenidos: |b número 69, 2019 | ||
| 505 | |a Contenido: 1.Corazones virales. Del dolor a la alegría como política postviolencia en el Perú /Javier Teofilo Suárez Trejo. -- 2.El papel de los Henríquez Ureña en la difusión de Ariel en República Dominicana, Cuba y México (1901-1908) / Raffaele Cesana. -- 3.Buen vivir y vivir bien: alternativas al desarrollo en Latinoamérica / Mauricio Torres Solís, Benito Ramírez Valverde. -- 4.Entre normativas y disidencias. Políticas sexuales en Argentina y Chile durante el siglo XX / Patricio Simonetto, Juan Carlos Garrido Gamboa. -- 5.O processo de representação política construído pelas igrejas pentecostais no Brasil (1985-2016) / Luis Gustavo Teixeira da Silva. --6.Los comienzos literarios del cineasta Octavio Getino: realismo y deshumanización en Chulleca /Juan Camilo Lee Penagos. -- 7.Críticas de la modernidad en los setenta: las ampliaciones metodológicas de Rodolfo Agoglia y Arturo Roig / Noelia Liz Gatica | ||
| 773 | 0 | |0 19263 |9 8738 |a Universidad Nacional Autónoma de México, UNAM |d México: UNAM N° 36 (2003- ) |o 23520 |t Latinoamérica: |x 16658574 | |
| 942 | |2 ddc |c PP | ||
| 999 | |c 45050 |d 45050 | ||
